| 000 | 00350nam a22001337a 4500 | ||
|---|---|---|---|
| 008 | 181011b xxu||||| |||| 00| 0 eng d | ||
| 020 | _a9780321987297 | ||
| 041 | _aeng | ||
| 080 |
_212th _a510 |
||
| 100 | _a36 | ||
| 101 | _aMAT | ||
| 245 |
_aA Problem Solving Approach to Mathematics for Elementary School Teachers _cBillstein,R |
||
| 942 |
_2udc _cBK |
||
| 999 |
_c49389 _d49389 |
||